Every US War by Death Toll - Statistics

General Stats
  • This quiz has been taken 65 times
    64 since last reset
  • The average score is 6 of 75
Answer Stats
Deaths Answer % Correct
418,500 World War Two
98%
616,222 American Civil War
96%
117,000 World War One
96%
58,281 Vietnam War
63%
25,000 American Revolutionary War
57%
36,516 Korean War
57%
15,000 War of 1812
52%
4,507 Iraq War
39%
1,733 Mexican-American War
18%
2,246 Spanish-American War
16%
4,196 Philippine American War
7%
2,420 War in Afghanistan
7%
294 Gulf War
4%
77 Black Hawk War
2%
584 Creek War
2%
106 Dakota War
2%
300 Great Sioux War
2%
1,221 North West Indian War
2%
35 1st Barbary War
0%
40 2nd Barbary War
0%
11 2nd Opium War
0%
8 2nd Samoan Civil War
0%
1 American Intervention in Libya
0%
19 Arikara War
0%
0 Aroostook War
0%
12 Bannock War
0%
4 Bay of Pigs Invasion
0%
130 Bleeding Kansas
0%
2 Bluff War
0%
14 Bombing of Libya
0%
12 Bosnian War
0%
100 Boxer Rebellion
0%
523 Cambodian Civil War
0%
30 Cheyenne War
0%
31 Cortina Troubles
0%
2 Crazy Snake's War
0%
1 Crow War
0%
44 Dominican Civil War
0%
1 Intervention in Haiti
0%
69 Intervention in Iraq
0%
27 Intervention in Syria
0%
19 Iraqi No-Fly Zone Operation
0%
20 John Brown's Raid on Harper's Ferry
0%
43 Korean DMZ Conflict
0%
18 Kosovo War
0%
728 Laotian Civil War
0%
241 Lebanese Civil War
0%
123 Mexican Border War
0%
83 Modoc War
0%
1,947 Moro Rebellion
0%
125 Nez Perce War
0%
85 Paiute War
0%
0 Pig War
0%
31 Pine Ridge Campaign
0%
0 Posey War
0%
31 Powder River Expedition
0%
82 Quasi War
0%
200 Red Cloud's War
0%
94 Rogue River Wars
0%
424 Russian Civil War
0%
1,500 Seminole Wars
0%
43 Somali Civil war
0%
700 Texas Revolution
0%
3 United States Expedition to Korea
0%
19 United States Invasion of Grenada
0%
23 United States Invasion of Panama
0%
2,500 United States Occupation of Haiti
0%
144 United States Occupation of Nicaragua
0%
184 United States Occupation of the Dominican Republic
0%
22 United States Occupation of Veracruz
0%
38 Utah War
0%
9 War in North West Pakistan
0%
24 White River War
0%
7 Winnebago War
0%
1 Yemeni Civil War
0%
No matching quizzes found
Score Distribution
Percent of People with Each Score
Percentile by Number Answered
Your Score History
You have not taken this quiz since the last reset